वेताल पचीसी / (Record no. 51907)

MARC details
000 -LEADER
fixed length control field 01067nam a22002657a 4500
005 - DATE AND TIME OF LATEST TRANSACTION
control field 20091111111733.0
008 - FIXED-LENGTH DATA ELEMENTS--GENERAL INFORMATION
fixed length control field 091111t xxu||||| |||| 00| j hin d
010 ## - LCCN (DPL NO)
LC control number HIN-92495
020 ## - INTERNATIONAL STANDARD BOOK NUMBER
Terms of availability 150.00
International Standard Book Number 9788187988359
035 ## - SYSTEM CONTROL NUMBER
System control number HN-64841
037 ## - SOURCE OF ACQUISITION
Source of stock number/acquisition DBAD / PUB
040 ## - CATALOGING SOURCE
Original cataloging agency DPL
Language of cataloging HN
082 ## - DEWEY DECIMAL CLASSIFICATION NUMBER
Classification number
100 ## - MAIN ENTRY--PERSONAL NAME
Personal name अजय अनुरागी
9 (RLIN) 27478
245 ## - TITLE STATEMENT
Title वेताल पचीसी /
Statement of responsibility, etc अजय अनुरागी
246 ## - VARYING FORM OF TITLE
Title proper/short title Vetal pcheechi
Remainder of title by Ajay Anuragee
250 ## - EDITION STATEMENT
Edition statement 2रा संस्क
260 ## - PUBLICATION, DISTRIBUTION, ETC. (IMPRINT)
Place of publication, distribution, etc जयपुर
Name of publisher, distributor, etc ज्योति प्रकाशन
Date of publication, distribution, etc 2011
270 ## - ADDRESS
Address 187, बरकत नगर, टोंक फाटक
City जयपुर
Postal code 302015
300 ## - PHYSICAL DESCRIPTION
Extent 128पृ
Dimensions 22सेमी (सजिल्द)
650 ## - SUBJECT ADDED ENTRY--TOPICAL TERM
Topical term or geographic name as entry element लघु कथाएँ, हिन्दी
9 (RLIN) 1169
650 ## - SUBJECT ADDED ENTRY--TOPICAL TERM
Topical term or geographic name as entry element Short Stories
9 (RLIN) 1170
942 ## - ADDED ENTRY ELEMENTS (KOHA)
Source of classification or shelving scheme Dewey Decimal Classification
Item type Hindi Books
Classification part
Call number suffix अजय
Holdings
Withdrawn status Lost status Source of classification or shelving scheme Damaged status Not for loan Collection code Home library Current library Date acquired Source of acquisition Cost, normal purchase price Total Checkouts Full call number Barcode Date last seen Copy number Cost, replacement price Koha item type
    Dewey Decimal Classification   Not For Loan Fiction D.B.Act.Division D.B.Act.Division 26/04/2011 DBAD /PUB 150.00   क अजय HN-64841 26/04/2011 1 150.00 Hindi Books

© Delhi Public Library
Hit Counter
free hit counter